[Event "The Sicilian Wing Gambit"]
[Site "SchemingMind.com"]
[Date "2008.10.13"]
[Round "-"]
[White "demiurg"]
[Black "DeekMan"]
[Result "0-1"]
[WhiteCountry "HUN"]
[BlackCountry "SCO"]
[WhiteElo "2313"]
[WhiteRD "74"]
[BlackElo "2273"]
[BlackRD "92"]
[GameID "174257"]

1. e4 c5 2. b4 cxb4 3. Bb2 d5 4. exd5 Qxd5 5. Nf3 Nf6 6. c4 Qa5 7. d4 Bf5 8. Nbd2 e6 9. Nb3 Qc7 10. Bd3 Bxd3
11. Qxd3 Nbd7 12. O-O Bd6 13. d5 e5 14. Nbd2 O-O 15. Qf5 g6 16. Qh3 Nh5 17. Ne4 f5 18. Nxd6 Qxd6 19. Ng5 Rfc8 20. Rac1 Nb6
21. g4 Qe7 22. Ne6 Ng7 23. Nxg7 Kxg7 24. gxf5 Rxc4 25. fxg6 hxg6 26. Rce1 Qg5+ 27. Kh1 Re8 28. Rg1 Rh4 29. Rxg5 Rxh3
0-1

[Event "The Sicilian Wing Gambit"]
[Site "SchemingMind.com"]
[Date "2008.10.13"]
[Round "-"]
[White "dcon"]
[Black "DeekMan"]
[Result "1/2-1/2"]
[WhiteCountry "RSA"]
[BlackCountry "SCO"]
[WhiteElo "2360"]
[WhiteRD "65"]
[BlackElo "2235"]
[BlackRD "91"]
[GameID "174258"]

1. e4 c5 2. b4 cxb4 3. Nf3 Nc6 4. d4 e6 5. Bd3 d5 6. exd5 exd5 7. a3 Nf6 8. O-O Be7 9. c3 bxc3 10. Nxc3 Bg4
11. Rb1 Qd7 12. h3 Bxf3 13. Qxf3 Nxd4 14. Qf4 Ne6 15. Bb5 Nxf4 16. Bxd7+ Nxd7 17. Bxf4 Nb6 18. Rfe1 Kd7 19. Na4 Bd8 20. Nc5+ Kc6
21. Nd3 Bf6 22. Rec1+= Nc4 23. Nb4+ Kc5 24. Rd1 Rhd8 25. Nd3+ Kc6 26. Nb4+=
1/2-1/2

[Event "The Sicilian Wing Gambit"]
[Site "SchemingMind.com"]
[Date "2008.10.13"]
[Round "-"]
[White "marandreo"]
[Black "DeekMan"]
[Result "1/2-1/2"]
[WhiteCountry "ITA"]
[BlackCountry "SCO"]
[WhiteElo "2019"]
[WhiteRD "97"]
[BlackElo "2245"]
[BlackRD "93"]
[GameID "174259"]

1. e4 c5 2. b4 cxb4 3. a3 d5 4. exd5 Qxd5 5. Bb2 Nc6 6. Nf3 e5 7. c4 Qe6 8. Bd3 Nf6 9. O-O Bd6 10. Re1 O-O
11. axb4 Nxb4 12. Bf1 e4 13. d3 Qd7 14. dxe4 Nxe4 15. Bd4 Re8 16. Rxa7 Rxa7 17. Bxa7 Nc6 18. Be3 Bb4 19. Nbd2 Rd8 20. Qc2 Nc5
21. Rb1 b6 22. Nb3 f6 23. Nbd4 Ba5 24. Nxc6 Qxc6 25. Nd4 Qd7 26. Be2 Bb7 27. Bf3 Bxf3 28. Nxf3 Qa4 29. Nd4 Qxc2 30. Nxc2 Na4
31. g3 Rc8 32. Na3 Nc3 33. Rb3 Rc6 34. Kf1 Ne4 35. Ke2 Kf7 36. f3 Nd6 37. Kd3 Nf5 38. Nc2 Nd6 39. Na3 Nf5 40. Nb5 Re6
41. Bf2 Be1 42. Bg1 Ba5 43. Nc3 Re1 44. Bxb6 Bxb6 45. Rxb6 Re3+ 46. Kd2 Rxf3 47. Ne4 Ra3 48. Nc3 Nd4 49. h3 Kg6 50. Rd6 Nf3+
51. Kc2 Ne5 52. c5 Ra5 53. Rd5 Ra7 54. Kb3= Rb7+ 55. Ka4 Ra7+ 56. Kb5 Rb7+ 57. Ka4 Ra7+ 58. Kb5 Rb7+ 59. Ka4
1/2-1/2